اردو اینہ / (Record no. 172400)

MARC details
000 -LEADER
fixed length control field 00567nam a22001937a 4500
005 - DATE AND TIME OF LATEST TRANSACTION
control field 20200204154021.0
010 ## - LCCN (DPL NO)
LC control number 220411
020 ## - INTERNATIONAL STANDARD BOOK NUMBER
Terms of availability 3.00
035 ## - SYSTEM CONTROL NUMBER
System control number 220411
037 ## - SOURCE OF ACQUISITION
Source of stock number/acquisition BPPD/Pub.
082 ## - DEWEY DECIMAL CLASSIFICATION NUMBER
Classification number 844
100 ## - MAIN ENTRY--PERSONAL NAME
Personal name سید ظھیر الدین مدنی
245 ## - TITLE STATEMENT
Title اردو اینہ /
Statement of responsibility, etc سید ظھیر الدین مدنی
246 ## - VARYING FORM OF TITLE
Title proper/short title Urdu Aaine (Urdu) /
Remainder of title by Syed Zaheeruddin Madni
260 ## - PUBLICATION, DISTRIBUTION, ETC. (IMPRINT)
Place of publication, distribution, etc Delhi
Name of publisher, distributor, etc Maktaba Jamia
Date of publication, distribution, etc 1963 ء
270 ## - ADDRESS
Address Urdu Bazar
City Delhi
Postal code 110006
300 ## - PHYSICAL DESCRIPTION
Extent 180p.
Dimensions 18cm(Hb)
942 ## - ADDED ENTRY ELEMENTS (KOHA)
Source of classification or shelving scheme Dewey Decimal Classification
Item type Urdu Bks
Classification part 844
Call number suffix س ی د
Holdings
Withdrawn status Lost status Not for loan Collection code Home library Current library Date acquired Source of acquisition Cost, normal purchase price Full call number Barcode Copy number Cost, replacement price Koha item type
      Non-fiction Central Library Central Library 04/02/2020 BPPD/Ven. 3.00 844 س ی د 220411 1 3.00 Urdu Bks

© Delhi Public Library
Hit Counter
free hit counter